[Event "14. Sparkassen Open 2015 - Gruppe A"]
[Site "Forchheim"]
[Date "2015.10.04"]
[Round "5.19"]
[White "Haasner, Tom"]
[Black "Walter, Florian"]
[Result "0-1"]
[WhiteElo "1942"]
[BlackElo "2160"]
[PlyCount "80"]
[EventDate "2015.??.??"]
[WhiteTeam "SV Bannewitz"]
[BlackTeam "SC Noris-Tarrasch Nürnberg"]

1. d4 d5 2. c4 c6 3. Nf3 Nf6 4. Qc2 g6 5. Bf4 Bf5 6. Qb3 Qb6 7. c5 Qxb3 8. axb3
Na6 9. Nc3 Nh5 10. Bg3 Nb4 11. Kd2 Nxg3 12. hxg3 Bg7 13. Ra4 a5 14. e3 Kd7 15.
Be2 Kc7 16. Na2 Nxa2 17. Rxa2 b6 18. b4 axb4 19. Rxa8 Rxa8 20. Rxh7 Bf6 21.
cxb6+ Kxb6 22. Bd3 Be6 23. g4 c5 24. g5 Rh8 25. Rxh8 Bxh8 26. Bc2 Kb5 27. dxc5
Bxb2 28. Nd4+ Bxd4 29. exd4 Kc4 30. Ke3 Kc3 31. Bd3 b3 32. c6 Kb2 33. c7 Kc1
34. Kf4 b2 35. Ke5 b1=Q 36. Bxb1 Kxb1 37. f4 Kc2 38. f5 Bxf5 39. Kxd5 Kd3 40.
Ke5 Kc4 0-1

[Event "14. Sparkassen Open 2015 - Gruppe A"]
[Site "Forchheim"]
[Date "2015.10.04"]
[Round "5.20"]
[White "Martin Fernandez, Rodrigo"]
[Black "Foermes, Alexander"]
[Result "1/2-1/2"]
[WhiteElo "2137"]
[BlackElo "2074"]
[PlyCount "50"]
[EventDate "2015.??.??"]
[WhiteTeam "SC Erlangen"]
[BlackTeam "SK Marburg"]

1. d4 Nf6 2. c4 c5 3. d5 b5 4. Qc2 bxc4 5. e4 e6 6. Bxc4 exd5 7. exd5 d6 8. Nc3
Be7 9. Nge2 O-O 10. O-O Nbd7 11. Ng3 Nb6 12. b3 Bb7 13. Rd1 Nxc4 14. bxc4 g6
15. Rb1 Qd7 16. h3 Rab8 17. Bh6 Rfe8 18. Nb5 Bxd5 19. Nxd6 Rxb1 20. Qxb1 Bxd6
21. cxd5 Be5 22. Qd3 Rd8 23. Be3 Qxd5 24. Qxd5 Rxd5 25. Rxd5 Nxd5 1/2-1/2

[Event "14. Sparkassen Open 2015 - Gruppe A"]
[Site "Forchheim"]
[Date "2015.10.04"]
[Round "5.21"]
[White "Imcke, Patrick"]
[Black "Hock, Gerold"]
[Result "1-0"]
[WhiteElo "2119"]
[BlackElo "2100"]
[PlyCount "55"]
[EventDate "2015.??.??"]
[WhiteTeam "SF Katernberg"]
[BlackTeam "SC Großwelzheim"]

1. e4 d6 2. d4 g6 3. Nc3 a6 4. Be3 b5 5. a4 b4 6. Na2 Bb7 7. f3 a5 8. c3 bxc3
9. Nxc3 Nf6 10. Qb3 Ba6 11. Rc1 Nfd7 12. Nd5 c6 13. Bxa6 Rxa6 14. Qb7 cxd5 15.
Rc8 Rc6 16. Rxd8+ Kxd8 17. Qb5 Ra6 18. exd5 Bg7 19. Ne2 Kc7 20. Bd2 Rc8 21.
Bxa5+ Nb6 22. b3 Kb7 23. O-O Rc2 24. Bc3 Rxc3 25. Nxc3 Bxd4+ 26. Kh1 Bxc3 27.
Qd3 Bb4 28. Qe4 1-0